000 00570nam a2200193Ia 4500
005 20250923144439.0
008 008 250917s9999 xx 000 0 eng d
037 _aTextual
040 _aDSWL
_beng
_cDSWL
041 _aeng
_2eng
084 _aSZx, N41.1-N41.2
_qDSWL
100 _aRiegel, R.E.
_9824995
245 0 _aIntroduction to the social sciences
_cby R.E. Riegel
260 _aNew York
_bD. Appleton-Century
_c1941
300 _a1109 p.
490 _vVol 2
942 _cTEXL
_hSZx, N41.1-N41.2
999 _c1438990
_d1438990